Marketingová komunikácia a vzdelávacie inštitúcie - vybrané aspekty

Vybrané prvky procesu marketingovej komunikácie vzdelávacej inštitúcie (fakulty vysokej školy) s dôrazom na využívané médiá z pohľadu vybranej cieľovej skupiny (študenta strednej alebo potenciálneho zákazníka vysokej školy).

Salvato in:
Dettagli Bibliografici
Autore principale: Jurková, Jana
Natura: Capitolo di libro
Lingua:slovacco
Soggetti:
Tags: Aggiungi Tag
Nessun Tag, puoi essere il primo ad aggiungerne!!

MARC

LEADER 00000naa a2200000 4500
001 0175514
005 20231211131612.3
041 0 |a slo 
044 |a SK 
245 1 0 |a Marketingová komunikácia a vzdelávacie inštitúcie - vybrané aspekty  |c Jana Jurková 
520 |a Vybrané prvky procesu marketingovej komunikácie vzdelávacej inštitúcie (fakulty vysokej školy) s dôrazom na využívané médiá z pohľadu vybranej cieľovej skupiny (študenta strednej alebo potenciálneho zákazníka vysokej školy). 
610 2 0 |a inštitúcie vzdelávacie 
610 2 0 |a študenti 
610 2 0 |a marketing 
610 2 0 |a komunikácia marketingová 
100 1 |a Jurková, Jana